000 00474nam a2200169Ia 4500
999 _c12371
_d12371
003 OSt
005 20201015102034.0
008 190216s9999||||xx |||||||||||||| ||und||
040 _coclc
082 _a823.8
_bBRO/J
100 _aBronte, Charlotte
_94994
245 0 _aJane Eyre /
_cCharlotte Bronte
260 _bThe Modern Library ,
_c1950.
_aNew York:
300 _a494p
650 _aEnglish Novel
942 _cBK
_2ddc
_h823.8
_iBRO/J
_k823.8
_mBRO/J